000 00621nam a22002057a 4500
005 20161129153733.0
010 _aENG-116700
020 _a9788184845471
_c1150.00
035 _aEN-100232
037 _bDBAD/PUB
082 _a658.5
245 _aIndustrial engineering and managment /
_cedited by Shagun Ahuja [and] Nidhi Rawat
260 _aNew Delhi
_bRegal Publications
_c2017
270 _aF-159, Rajouri Garden
_bNew Delhi
_e110027
300 _axii,255p. :
_c23cm(Hb)
_bill
500 _aIncludes index
700 _a Ahuja.Shagun
700 _aRawat. Nidhi
942 _2ddc
_cEN
_h658.5
_mIND
999 _c104838
_d104838